Liste de consoles de jeux vidéo Troisième génération (1983–1997) - Statistiques

Statistiques générales
  • Ce quiz a été pris 11 fois
  • Le résultat moyen est 10 sur 24
Statistiques - réponses
Nom de la console Date Constructeur Type de quiz % Correct
16 C1 NES TV / Sharp Nintendo Television 1983, Japon Nintendo / Sharp 1993 Console
100%
15 Nintendo Entertainment System (NES) / Famicom 1983 Nintendo Console
100%
12 Master System, Sega Mark III 1985 Sega Console
88%
8 Atari 7800 1985 Atari Corporation Console
75%
9 Atari XEGS 1986 Atari Corporation Console
75%
10 Sega SG-1000 1983 Sega Console
75%
11 Sega SG-1000 II 1984 Sega Console
75%
13 Master System II 1992 Sega Console
63%
14 Master System III 1997 Tec Toy (Brésil uniquement) Console
63%
17 Famicom Disk System 1986 Nintendo (Japon uniquement) Extension de la Family Computer
50%
2 Super Cassette Vision 1984 Epoch Console
50%
6 Commodore 64GS 1990 Commodore Console
38%
19 BBC Bridge Companion 1985 BBC / Heber Console
25%
24 Famicom AV 1993 Nintendo Console
25%
4 Intellivision III 1985 Mattel Console
13%
5 PV-1000 1983 Casio Console
13%
23 Video Art 1987 LJN Console
13%
22 Video Challenger 1987 Bandai Console
13%
20 VideoSmarts 1987 VTech Console
13%
21 Action Max 1987 Worlds of Wonder Console
0%
1 Alf 1991 Zapad / Tsvetotron Console
0%
7 GX-4000 1990 Amstrad Console
0%
3 Halcyon 1985 RDI Video Systems Console
0%
18 Zemmix 1985 Hyundai Electronics Console
0%
Aucun quiz correspondant
Distribution des résultats
% des personnes avec chaque résultat
Percentile par nombre de réponses
Votre historique - résultats
Vous n’avez pas pris ce quiz